Defiant Wrestling World Champions - Statistics

General Stats
  • This quiz has been taken 21 times
    18 since last reset
  • The average score is 7 of 10
Answer Stats
Number of Title Reigns Champion % Correct
1 Joe Hendry
92%
1 Drew Galloway
85%
1 Joseph Conners
85%
1 Big Damo
77%
1 Martin Kirby
77%
2 Rampage
77%
1 Austin Aries
69%
1 David Starr
46%
1 Marty Scurll
46%
1 Rory Coyle
38%
No matching quizzes found
Score Distribution
Percent of People with Each Score
Percentile by Number Answered
Your Score History
You have not taken this quiz since the last reset